Statystyki dla Co to za logo?

Kliknij tutaj aby rozwiązać quiz!

Ogólne statystyki

  • Ten quiz został rozwiązany 236 razy
  • Średni wynik to 10 z 11

Statystyki odpowiedzi

Odpowiedź% Poprawnych
Spotify
98%
McDonald's
97%
Toyota
96%
Messenger
95%
Xbox
95%
Ferrari
94%
Windows
93%
BP
91%
Discord
87%
Playboy
82%
Steam
82%

Rozkład punktacji

Percentyl według liczby udzielonych odpowiedzi

Procent ludzi z każdym wynikiem

Twoja historia wyników

Nie rozwiązałeś tego quizu